Score 0/17 Timer 20:00
0 Plays Today
Question Answer Wrong Answers
What does E-I-P stands for? ???
89.3%
???
0%
???
0%
???
0%
Which of the following is a good password? ???
89.3%
???
3.6%
???
0%
???
7.1%
Which of the following is an approved way to store your BBY data? ???
60.7%
???
10.7%
???
10.7%
???
3.6%
What does V-I-P stands for? ???
42.9%
???
7.1%
???
3.6%
???
7.1%
What is a good way to protect your password? ???
42.9%
???
3.6%
???
0%
Which of the following elements is considered PII (Personally Identifiable Information)? ???
35.7%
???
0%
???
0%
???
0%
What is phishing? ???
35.7%
???
0%
???
7.1%
Which of the following dictate how companies deal with credit card numbers? ???
21.4%
???
0%
???
10.7%
???
3.6%
Which of the following can be used to securely access websites? ???
17.9%
???
3.6%
???
0%
???
0%
Where would you find SQL injections? ???
14.3%
???
0%
???
3.6%
???
0%
Which of the following was the biggest data breach? ???
3.6%
???
3.6%
???
3.6%
???
3.6%
What is a crypto locker? ???
3.6%
???
0%
???
0%
Which of the following offers the strongest protection for wireless network traffic? ???
0%
???
0%
???
0%
???
3.6%
The attack mechanism directed against a system is commonly called a: ???
0%
???
0%
???
0%
???
0%
A firewall that tracks open connection-oriented protocol sessions is said to be: ???
0%
???
0%
???
0%
???
0%
A group of computers that is networked together and used by hackers to steal information is called a … ???
0%
???
0%
???
0%
???
0%
What is not secured in end-to-end encryption? ???
0%
???
0%
???
0%
???
0%
Remove Ads.
Support Sporcle.
Get the best of Sporcle when you Go Orange. This ad-free experience offers more features, more stats, and more fun while also helping to support Sporcle. Thank you for becoming a member.

You're not logged in!

Compare scores with friends on all Sporcle quizzes.
OR
Log In

Sporcle TV

Today on Sporcle TV


Watch our educational content, quiz creation guides, and fun videos on Sporcle TV.

Show Comments

Extras

Created Sep 28, 2017ReportNominate
Tags:millionaire, Style

Top Quizzes Today


Score Distribution

Paid Content

Your Account Isn't Verified!

In order to create a playlist on Sporcle, you need to verify the email address you used during registration. Go to your Sporcle Settings to finish the process.

Report this User

Report this user for behavior that violates our Community Guidelines.

Details: